| 000 | 01679nam0a2200337 4500 | ||
|---|---|---|---|
| 001 | RU\NLR\bibl\968801 | ||
| 005 | 20250614210618.0 | ||
| 010 |
_a5-93057-184-8 _9500 |
||
| 021 |
_aRU _b2006-37033 _91860 |
||
| 035 | _a(NLR Aleph) 000956773 | ||
| 090 |
_a314191 _c314191 |
||
| 100 | _a20060719d2006 |||y0rusy50 ca | ||
| 101 | 0 | _arus | |
| 102 | _aRU | ||
| 105 | _ay ||||||||| | ||
| 200 | 1 |
_aИнституционализация национальных эколого-экономических отношений как фактор обеспечения устойчивости развития хозяйственной системы _fЭ.Г. Матюгина _gФедер. агентство по образованию, Том. гос. архит.-строит. ун-т |
|
| 210 |
_aТомск _cИзд-во Томского государственного архитектурно-строительного университета _d2006 |
||
| 215 |
_a174 с. _d21 |
||
| 320 | _aБиблиогр.: с. 161-174 (186 назв.) и в подстроч. прим. | ||
| 606 | 1 |
_aОкружающая среда _xОхрана _yРоссийская Федерация _92098303 _3RU\NLR\auth\661269354 |
|
| 606 | 1 |
_aУстойчивого развития концепция _yРоссийская Федерация _92270123 _3RU\NLR\auth\661360677 |
|
| 686 | _aУ28(2) | ||
| 686 | _aУ9(2)-961-314(2Р) | ||
| 700 | 1 |
_aМатюгина _bЭ. Г. _gЭлеонора Григорьевна _4070 |
|
| 801 | 0 |
_aRU _bNLR _c20060719 _grcr |
|
| 801 | 1 |
_aRU _bNLR _c20060719 |
|
| 830 | _aавт. по кн. | ||
| 942 | _cBOOK | ||
| 980 | _aNB | ||
| 980 | _aNBR | ||